Detalles MARC
| 000 -CABECERA |
| campo de control de longitud fija |
02476nam a2200361 i 4500 |
| 001 - NÚMERO DE CONTROL |
| campo de control |
000046297 |
| 003 - IDENTIFICADOR DEL NÚMERO DE CONTROL |
| campo de control |
DO-SdBNP |
| 005 - FECHA Y HORA DE LA ÚLTIMA TRANSACCIÓN |
| campo de control |
20260321073643.0 |
| 007 - CAMPO FIJO DE DESCRIPCIÓN FÍSICA--INFORMACIÓN GENERAL |
| campo de control de longitud fija |
ta |
| 008 - DATOS DE LONGITUD FIJA--INFORMACIÓN GENERAL |
| campo de control de longitud fija |
150716s2000 dr r 000 0 spa d |
| 020 ## - NÚMERO INTERNACIONAL ESTÁNDAR DEL LIBRO |
| Número Internacional Estándar del Libro |
9993442046 |
| 040 ## - FUENTE DE LA CATALOGACIÓN |
| Centro catalogador/agencia de origen |
DO-SdBNP |
| Lengua de catalogación |
spa |
| Centro/agencia transcriptor |
BNPHU |
| Normas de descripción |
rda |
| 082 #4 - NÚMERO DE LA CLASIFICACIÓN DECIMAL DEWEY |
| Número de edición |
22 |
| Número de clasificación |
923.27293 |
| Número de documento/Ítem |
B742s |
| 111 2# - ENTRADA PRINCIPAL--NOMBRE DE CONGRESO/REUNIÓN |
| Nombre de congreso/reunión o jurisdicción como elemento de entrada |
Seminario Internacional Juan Bosch Vida y Obra |
| Número del congreso/reunión o número de parte o sección |
(3 : |
| Fecha del congreso/reunión |
2000 : |
| Sede del congreso/Lugar de la reunión |
Santo Domingo) |
| 9 (RLIN) |
77210 |
| 245 10 - MENCIÓN DE TÍTULO |
| Título |
Juan Bosch : |
| Resto del título |
vida y obra / |
| Mención de responsabilidad, etc. |
editor, Orlando Díaz ; introducción, Alejandro González Pons. |
| 264 ## - PRODUCCIÓN, PUBLICACIÓN, DISTRIBUCIÓN, FABRICACIÓN Y COPYRIGHT |
| Producción, publicación, distribución, fabricación y copyright |
Santo Domingo : |
| Nombre del de productor, editor, distribuidor, fabricante |
Comisión Permanente de la Feria del Libro, |
| Fecha de producción, publicación, distribución, fabricación o copyright |
2000. |
| 300 ## - DESCRIPCIÓN FÍSICA |
| Extensión |
174 páginas ; |
| Dimensiones |
23 cm. |
| 336 ## - TIPO DE CONTENIDO |
| Fuente |
rdacontent |
| Término de tipo de contenido |
texto |
| Código de tipo de contenido |
txt |
| 337 ## - TIPO DE MEDIO |
| Fuente |
rdamedia |
| Nombre/término del tipo de medio |
sin mediación |
| Código del tipo de medio |
n |
| 338 ## - TIPO DE SOPORTE |
| Fuente |
rdacarrier |
| Nombre/término del tipo de soporte |
volumen |
| Código del tipo de soporte |
nc |
| 490 1# - MENCIÓN DE SERIE |
| Mención de serie |
Ediciones Ferilibro ; |
| Designación de volumen o secuencia |
33 |
| 500 ## - NOTA GENERAL |
| Nota general |
Incluye referencias bibliográficas y notas al pie de las páginas |
| 500 ## - NOTA GENERAL |
| Nota general |
Ponencias presentadas en el Seminario Internacional 'Juan Bosch: Vida y Obra', realizado dentro del marco de la III Feria Internacional del Libro Santo Domingo-2000" |
| 505 0# - NOTA DE CONTENIDO CON FORMATO |
| Nota de contenido con formato |
Semblanza literaria de Juan Bosch / |
| Mención de responsabilidad |
Bruno Rosario Candelier -- |
| Título |
El problema del ver en política: Althusser y Bosch / |
| Mención de responsabilidad |
Rafael Julián -- |
| Título |
Juan Bosch, luchador, escritor, hermeneuta / |
| Mención de responsabilidad |
Jorge Núñez Sánchez -- |
| Título |
La visión criollística en la cuentística de Juan Bosch, sus rasgos esenciales / |
| Mención de responsabilidad |
Roberto Fernández Valledor -- |
| Título |
Juan Bosch maestro del cuento latinoamericano / |
| Mención de responsabilidad |
Raúl Pérez Torres -- |
| Título |
Juan Bosch : patriota, escritor, líder y maestro / |
| Mención de responsabilidad |
Euclides Gutiérrez Félix -- |
| Título |
Narración y estilo en Juan Bosch: su mundo cenestético / |
| Mención de responsabilidad |
Manuel A. Ossers Cabrera -- |
| Título |
La imagen de América: cuentos dominicanos y americanos de Juan Bosch / |
| Mención de responsabilidad |
Manuel Joffré Berríos -- |
| Título |
La mujer en los cuentos de Juan Bosch: paradojas, conflictos y realidades / |
| Mención de responsabilidad |
Clara Mercedes Jorge Tejada de Ramírez -- |
| Título |
Juan Bosch: una estampa literaria / |
| Mención de responsabilidad |
León David -- |
| Título |
Juan Bosch: heritier du genre conte / |
| Mención de responsabilidad |
Lionel Richard -- |
| Título |
Expositores / |
| -- |
Notas bibliográficas. |
| 590 ## - NOTA LOCAL (RLIN) |
| Nota local |
Inventariado, 2018/BT |
| 600 10 - PUNTO DE ACCESO ADICIONAL DE MATERIA--NOMBRE DE PERSONA |
| Nombre de persona |
Bosch, Juan, |
| Fechas asociadas al nombre |
1909-2001 |
| 9 (RLIN) |
76555 |
| 650 #4 - PUNTO DE ACCESO ADICIONAL DE MATERIA--TÉRMINO DE MATERIA |
| Término de materia o nombre geográfico como elemento de entrada |
Presidentes |
| Subdivisión geográfica |
República Dominicana |
| Subdivisión de forma |
Congresos, conferencias, etc. |
| 9 (RLIN) |
74310 |
| 651 #4 - PUNTO DE ACCESO ADICIONAL DE MATERIA--NOMBRE GEOGRÁFICO |
| Nombre geográfico |
República Dominicna |
| Subdivisión de forma |
Biografías |
| -- |
Congresos, conferencias, etc. |
| 9 (RLIN) |
74311 |
| 700 1# - PUNTO DE ACCESO ADICIONAL--NOMBRE DE PERSONA |
| Nombre de persona |
González Pons, Alejandro, |
| Término indicativo de función/relación |
introdución |
| 9 (RLIN) |
68430 |
| 700 1# - PUNTO DE ACCESO ADICIONAL--NOMBRE DE PERSONA |
| Nombre de persona |
Díaz, Orlando, |
| Término indicativo de función/relación |
editor |
| 9 (RLIN) |
14007 |
| 910 ## - DATOS DE OPCIÓN DEL USUARIO (OCLC) |
| Datos de opción del usuario |
Validado. Control de calidad MFF |
| 942 ## - ELEMENTOS DE PUNTO DE ACCESO ADICIONAL (KOHA) |
| Fuente del sistema de clasificación o colocación |
Dewey Decimal Classification |
| Tipo de ítem Koha |
Libro |